000 00441nam a2200193Ia 4500
005 20240823012210.0
008 240823s9999||||xx |||||||||||||| ||und||
020 _a81 7808 089 3
041 _aENGLISH
082 _A659.1 P0
100 _a"Jefkins,Frank"
245 0 _aAdvertising
250 _a4th
260 _c2000
_b"PHI,England"
500 _aYES
650 _aAdvertising
_bManagement Studies
942 _cBK
999 _c163721
_d163721